[Event "Titled Tue 24th Dec Early"]
[Site "chess.com INT"]
[Date "2024.12.24"]
[Round "6"]
[White "Nakamura,Hi"]
[Black "Makarian,Rudik"]
[Result "1-0"]
[WhiteElo "2802"]
[BlackElo "2547"]

1.b3 d5 2.Bb2 Bg4 3.d3 e6 4.h3 Bh5 5.Nd2 h6 6.Ngf3 Bxf3 7.Nxf3 Nf6 8.g3 Nbd7
9.Bg2 Bd6 10.O-O O-O 11.c4 c6 12.Qc2 Qe7 13.a3 a5 14.e3 e5 15.Nd2 Qe6 16.Rfe1 Rac8
17.Rad1 Qe7 18.Qc1 b5 19.Qa1 Rfe8 20.Rc1 Nc5 21.Bf1 dxc4 22.bxc4 Na4 23.Nb1 Nxb2
24.Qxb2 b4 25.axb4 Bxb4 26.Red1 Rb8 27.Qa2 c5 28.Nc3 h5 29.Bg2 Red8 30.Nd5 Nxd5
31.Bxd5 g6 32.Kg2 Kg7 33.Qc2 Rd6 34.h4 Ba3 35.Ra1 Bb4 36.Rf1 Rf6 37.Qa4 Qd6
38.Rac1 Qe7 39.Rc2 Qe8 40.Qxe8 Rxe8 41.Ra1 Ra6 42.Ra4 f5 43.Kf1 Re7 44.Ke2 Kf6
45.Rc1 Rh7 46.f4 Re7 47.e4 Rb6 48.Ra2 Ra7 49.Ra4 Re7 50.Rc2 Re8 51.Kf3 Re7
52.Ra1 Ra7 53.Ra4 Re7 54.Rb2 Rb8 55.Rxa5 Bxa5 56.Rxb8 Bc3 57.Rf8+ Kg7 58.Rg8+ Kf6
59.exf5 gxf5 60.Rg5 exf4 61.gxf4 Bd2 62.Rxh5 Re3+ 63.Kf2 Rxd3 64.Ke2 Rd4
65.Rh6+ Kg7 66.Rc6 Bxf4 67.h5 Bc1 68.Rxc5 Kh6 69.Bf3 Rd2+ 70.Ke1 Rc2 71.Rc6+ Kh7
72.Be2 Rc3 73.Kf2 Bg5 74.Bf3 Rc2+ 75.Kf1 Bh4 76.Bd5 Rf2+ 77.Kg1 f4 78.Be4+ Kg7
79.h6+ Kf7 80.h7 Kg7 81.Rc7+  1-0

[Event "Titled Tue 24th Dec Early"]
[Site "chess.com INT"]
[Date "2024.12.24"]
[Round "7"]
[White "So,W"]
[Black "Nakamura,Hi"]
[Result "1/2-1/2"]
[WhiteElo "2747"]
[BlackElo "2802"]

1.e4 c5 2.Nf3 g6 3.c3 d5 4.exd5 Qxd5 5.d4 Bg7 6.Na3 cxd4 7.Bc4 Qe4+ 8.Be3 Nh6
9.Bd3 Qg4 10.cxd4 Qxg2 11.Rg1 Qh3 12.Rg3 Qh5 13.Rg5 Qh3 14.Rg3 Qh5 15.Rg5 Qh3
16.Rg3  1/2-1/2

[Event "Titled Tue 24th Dec Early"]
[Site "chess.com INT"]
[Date "2024.12.24"]
[Round "8"]
[White "Nakamura,Hi"]
[Black "Woodward,Andy"]
[Result "0-1"]
[WhiteElo "2802"]
[BlackElo "2530"]

1.b3 e5 2.Bb2 Nc6 3.e3 Nf6 4.Bb5 e4 5.f3 a6 6.Bxc6 dxc6 7.Nc3 Bf5 8.fxe4 Nxe4
9.Nf3 Bd6 10.O-O Qe7 11.Nxe4 Bxe4 12.d3 Bg6 13.Bxg7 Rg8 14.Bh6 Bh5 15.Qd2 Bxf3
16.Rxf3 Qe5 17.g3 Qxa1+ 18.Kg2 Qe5 19.e4 Qe6 20.Bg5 Be7 21.Be3 O-O-O 22.Qf2 Bd6
23.Rf5 Rg6 24.Rxf7 h5 25.Rh7 Rf8 26.Bf4 b6  0-1

[Event "Titled Tue 24th Dec Early"]
[Site "chess.com INT"]
[Date "2024.12.24"]
[Round "9"]
[White "Ibrahimli,Murad"]
[Black "Nakamura,Hi"]
[Result "1-0"]
[WhiteElo "2415"]
[BlackElo "2802"]

1.d4 g6 2.c4 Bg7 3.Nf3 d6 4.Nc3 c5 5.dxc5 dxc5 6.Qxd8+ Kxd8 7.Bd2 b6 8.g3 Bb7
9.Bg2 Nf6 10.Rd1 Nbd7 11.O-O a6 12.Ng5 Bxg2 13.Kxg2 Ke8 14.b3 Rc8 15.Nge4 Ng8
16.Na4 Rc6 17.Bc3 Bxc3 18.Nexc3 e6 19.Rd2 Ngf6 20.Rfd1 Ke7 21.Ne4 b5 22.Nb2 Rb8
23.Nxf6 Nxf6 24.Nd3 bxc4 25.Ne5 Rc7 26.Nxc4 Nd5 27.e4 Nc3 28.Re1 Nb5 29.Rc1 Nd4
30.e5 Nc6 31.f4 a5 32.Nd6 Nb4 33.Ne4 Rbc8 34.Nf6 a4 35.a3 axb3 36.axb4 cxb4
37.Rd7+ Rxd7 38.Rxc8 Rd8 39.Rc7+ Kf8 40.Rc4 Rb8 41.Nd7+  1-0

[Event "Titled Tue 24th Dec Early"]
[Site "chess.com INT"]
[Date "2024.12.24"]
[Round "10"]
[White "Nakamura,Hi"]
[Black "Lortkipanidze,N"]
[Result "1-0"]
[WhiteElo "2802"]
[BlackElo "2359"]

1.b3 b6 2.Bb2 Bb7 3.c4 e6 4.Nf3 f5 5.g3 Nf6 6.Bg2 Be7 7.O-O O-O 8.d4 a5 9.d5 Na6
10.Nd4 Nc5 11.Nc3 Nfe4 12.Nxe4 fxe4 13.dxe6 dxe6 14.Qc2 Bf6 15.Rad1 Qe8 16.Ba3 Bxd4
17.Rxd4 e5 18.Rdd1 Qg6 19.Bxc5 bxc5 20.Rd7 Qc6 21.Rfd1 Rxf2 22.Kxf2 e3+ 23.Ke1 Qxg2
24.Rd8+ Rxd8 25.Rxd8+ Kf7 26.Qf5+ Ke7 27.Rd7+ Ke8 28.Qf7+  1-0

[Event "Titled Tue 24th Dec Early"]
[Site "chess.com INT"]
[Date "2024.12.24"]
[Round "11"]
[White "Onischuk,V"]
[Black "Nakamura,Hi"]
[Result "0-1"]
[WhiteElo "2609"]
[BlackElo "2802"]

1.e4 g6 2.d4 c5 3.dxc5 Qa5+ 4.Nc3 Qxc5 5.Be3 Qa5 6.Qd2 Bg7 7.Bd4 Bxd4 8.Qxd4 Nf6
9.Bc4 Nc6 10.Qd2 d6 11.Bb3 Be6 12.Rd1 Rc8 13.Nge2 O-O 14.O-O Rfd8 15.Nf4 Bxb3
16.axb3 e6 17.h3 Kg7 18.Qe3 a6 19.Rd2 b5 20.Rfd1 Qc7 21.Nce2 e5 22.Nd5 Nxd5
23.exd5 Ne7 24.g4 Re8 25.Kg2 Ng8 26.Ng3 Qe7 27.Re2 Nf6 28.Qb6 Rc5 29.Qxa6 Nxd5
30.Rxd5 Rxd5 31.b4 Qd7 32.Ne4 Rd1 33.Nc3 Rd4 34.Ne4 f5 35.gxf5 gxf5 36.Ng3 f4
37.c3 Rd3  0-1

[Event "World Rapid 2024"]
[Site "New York USA"]
[Date "2024.12.26"]
[Round "1.8"]
[White "Nakamura,Hi"]
[Black "Jumabayev,R"]
[Result "1/2-1/2"]
[WhiteElo "2802"]
[BlackElo "2573"]

1.e4 e5 2.Nf3 Nc6 3.Bc4 Bc5 4.d3 Nf6 5.Nc3 a6 6.Nd5 h6 7.Be3 d6 8.Bxc5 dxc5
9.Ne3 O-O 10.O-O Re8 11.h3 Be6 12.a4 Bxc4 13.Nxc4 Nh7 14.a5 Ng5 15.Nfd2 Ne6
16.Ne3 Qg5 17.g3 Rad8 18.Kh2 Ncd4 19.c3 Nc6 20.Ndc4 Rd7 21.Nd5 Qd8 22.Qg4 Qg5
23.Qe2 f5 24.Rae1 f4 25.Rg1 Rf8 26.h4 Qd8 27.Qg4 Qe8 28.Rg2 h5 29.Qh3 g5
30.g4 Rh7 31.gxh5 Kh8 32.Rg4 Qxh5 33.Reg1 f3 34.Nce3 Ncd8 35.Nf5 c6 36.Nde3 Nf4
37.Qxf3 Nde6 38.Ng2 Nxd3 39.Nge3 Ndf4 40.Qd1 Rd8 41.Qf1 Rd2 42.Nc4 Rd3 43.Nce3 Rd2
44.b4 cxb4 45.cxb4 Nd3 46.R1g2 Ndf4 47.R2g3 Nd3 48.Nd1 Rxd1 49.Qxd1 Nxf2
50.Qd6 Nxg4+ 51.Kg1 Nf6 52.Qxe6 Qd1+ 53.Kh2 Qe2+ 54.Kg1 Qe1+ 55.Kg2 Qe2+
56.Kg1 Qe1+ 57.Kg2 Qe2+  1/2-1/2

[Event "World Rapid 2024"]
[Site "New York USA"]
[Date "2024.12.26"]
[Round "2.37"]
[White "Smirnov,Mark"]
[Black "Nakamura,Hi"]
[Result "0-1"]
[WhiteElo "2336"]
[BlackElo "2802"]

1.e4 d6 2.d4 g6 3.Nc3 Bg7 4.Be3 a6 5.Qd2 Nd7 6.h4 h5 7.Nh3 b5 8.Ng5 Nb6 9.a3 Nf6
10.f3 e6 11.Be2 Bb7 12.Nd1 Qe7 13.Nf2 Nfd7 14.c3 c5 15.Rd1 Rc8 16.f4 f6 17.Nf3 cxd4
18.Bxd4 Na4 19.O-O O-O 20.f5 Qe8 21.Rfe1 Ne5 22.Be3 gxf5 23.exf5 exf5 24.Nh3 Qf7
25.Nf4 Ng4 26.Nd4 Be4 27.Rc1 Rfe8 28.Bd3 Nc5 29.Bxe4 Nxe4 30.Qd3 Re5 31.Nf3 Rce8
32.Bd4 Bh6 33.Bxe5 dxe5 34.Nd5 Bxc1 35.Rxc1 Qa7+  0-1

[Event "World Rapid 2024"]
[Site "New York USA"]
[Date "2024.12.26"]
[Round "3.18"]
[White "Nakamura,Hi"]
[Black "Donchenko,Alexa"]
[Result "1/2-1/2"]
[WhiteElo "2802"]
[BlackElo "2618"]

1.e4 c6 2.d4 d5 3.e5 c5 4.dxc5 e6 5.Nf3 Bxc5 6.Bd3 Ne7 7.O-O Nbc6 8.Nbd2 Ng6
9.Nb3 Bb6 10.Re1 O-O 11.Bxg6 fxg6 12.Be3 Bc7 13.Bc5 Rf5 14.Nbd4 Nxd4 15.Qxd4 Bd7
16.Re3 g5 17.Rae1 Rc8 18.c3 h6 19.Qd1 Qe8 20.h3 Bd8 21.Bd4 Qg6 22.Nh2 b6
23.Rf3 Rxf3 24.Nxf3 g4 25.hxg4 Qxg4 26.Be3 Be7 27.Qd2 Rf8 28.Nd4 h5 29.Qd1 Qg6
30.Qc2 Qxc2 31.Nxc2 g5 32.Nd4 h4 33.f3 Kg7 34.a4 Kf7 35.Ra1 a5 36.g3 Rg8
37.Kg2 g4 38.gxh4 gxf3+ 39.Kh3 Rg2 40.b3 Rb2 41.Bc1 Rf2 42.Be3 Rb2 43.h5 Kg8
44.Rf1 Be8 45.h6 Bh5 46.Rg1+ Kh8 47.Nxe6 f2 48.Rf1 Rxb3 49.Bd4 Kh7 50.Rxf2 Kxh6
51.Rg2 Bc5 52.Kh4 Be7+ 53.Kh3 Bc5 54.Rg3 Bf7 55.Nxc5 bxc5 56.Bxc5 Be6+ 57.Kh4 Rb8
58.Rf3 Rg8 59.Be3+ Kh7 60.Bg5 Kg7 61.Rf6 Bd7 62.Rd6 Bxa4 63.Rxd5 Ra8 64.e6 Bc6
65.Rd6 Be8 66.e7 Kf7 67.Rf6+ Kg7 68.Rf8 a4 69.c4 a3 70.Bf6+ Kg6 71.Ba1 a2
72.Rf6+ Kh7 73.Rf8 Kg6 74.Kg3 Rc8 75.Kf2 Rxc4 76.Rxe8 Kf7 77.Ra8 Kxe7 78.Rxa2 Re4
79.Kf3 Re1 80.Ra6 Kd7 81.Kf4 Re6 82.Ra5 Re1 83.Be5 Ke6 84.Bd4 Rf1+ 85.Ke4 Re1+
86.Be3 Re2 87.Ra6+ Ke7 88.Kd4 Kf7 89.Ra1 Ke6 90.Kd3 Rh2 91.Bd4 Rg2 92.Kc4 Rc2+
93.Kd3 Rg2 94.Ra5 Kd6 95.Be3 Rg4 96.Rh5 Ke6 97.Bd4 Rg2 98.Kc4 Rc2+ 99.Bc3 Rc1
100.Rh6+ Kf5 101.Kd3 Rd1+ 102.Ke3 Rb1 103.Rf6+ Kg5 104.Rf3 Rg1 105.Ke4 Rg4+
106.Ke5 Kg6 107.Rf6+ Kg5 108.Bd2+ Kh4 109.Bf4 Rg8 110.Kf5 Kh3 111.Rd6 Rf8+
112.Ke4 Rg8 113.Rd1 Rg2 114.Kf5 Rg8 115.Rd2 Rf8+ 116.Ke4 Kg4 117.Rg2+ Kh3
118.Rg6 Ra8 119.Kf3 Ra3+ 120.Be3 Ra4 121.Rc6 Rb4 122.Rc1 Rb2 123.Rd1 Ra2
124.Rd5 Ra4 125.Bc5 Rc4 126.Bd4 Kh4 127.Bf2+ Kh3 128.Rh5+  1/2-1/2

[Event "World Rapid 2024"]
[Site "New York USA"]
[Date "2024.12.26"]
[Round "4.20"]
[White "Moroni,L"]
[Black "Nakamura,Hi"]
[Result "0-1"]
[WhiteElo "2550"]
[BlackElo "2802"]

1.d4 d5 2.c4 c5 3.Nf3 cxd4 4.cxd5 Nf6 5.Qxd4 Qxd5 6.Nc3 Qxd4 7.Nxd4 a6 8.g3 e5
9.Nb3 Nc6 10.Bg2 a5 11.Bg5 a4 12.Nd2 a3 13.Bxf6 gxf6 14.bxa3 Bxa3 15.Rb1 O-O
16.O-O Rd8 17.Nc4 Be6 18.Rxb7 Nd4 19.Nb6 Ra5 20.e3 Nf5 21.Nba4 Kg7 22.Rb5 Ra7
23.Rfb1 Rd2 24.Rb7 Rxb7 25.Rxb7 Nd6 26.Rb1 f5 27.Rd1 Rxd1+ 28.Nxd1 Bxa2 29.Ndc3 Bb3
30.Bd5 Bc2 31.Nb6 Bb4 32.Na2 Bd2 33.Nc4 Nxc4 34.Bxc4 e4 35.Kg2 Kf6 36.h3 h5
37.h4 Bd3 38.Bb3 Be2 39.Kg1 Ke7 40.Kg2 f6 41.Kg1 Kd6 42.Kg2 Kc5 43.Be6 Bg4
44.Bf7 Kd6 45.Bc4 Bd1 46.Kf1 Ke7 47.Bd5 Kd7 48.Bf7 Kd6 49.Bc4 Bg4 50.Bb3 Kc6
51.Bf7 Kc5 52.Bb3 Kb5 53.Kg2 Kb6 54.Kf1 Kc5 55.Bf7 Kd6 56.Bc4 Bd1 57.Bf7 Kc5
58.Be6 Bg4 59.Bf7 Kb6 60.Bg8 Ka5 61.Bb3 Kb5 62.Kg2 Be2 63.Be6 f4 64.exf4 Kc5
65.Bf7 Kd4 66.Bg6 Bg4 67.Bf7 Kd3 68.Be8 Ke2 69.Bb5+ Ke1 70.Bc4 Bf3+ 71.Kg1 Ba5
72.Bf7 Bb6 73.Nb4 Bxf2+ 74.Kh2 Bc5  0-1

[Event "World Rapid 2024"]
[Site "New York USA"]
[Date "2024.12.26"]
[Round "5.10"]
[White "Nakamura,Hi"]
[Black "Andriasian,Z"]
[Result "1-0"]
[WhiteElo "2802"]
[BlackElo "2554"]

1.e4 c5 2.Nf3 d6 3.Bb5+ Nc6 4.O-O Bd7 5.c4 g6 6.Nc3 Bg7 7.Bxc6 bxc6 8.d4 cxd4
9.Nxd4 Nf6 10.h3 O-O 11.Qe2 e5 12.Nf3 Qe7 13.Rd1 Rad8 14.Be3 Bc8 15.Rd2 Nh5
16.Rad1 Nf4 17.Bxf4 exf4 18.Nd4 Bb7 19.Qf3 Be5 20.Nb3 Qf6 21.c5 dxc5 22.Nxc5 Bc8
23.Nd3 Bxc3 24.bxc3 Qxc3 25.Qxf4 Be6 26.Ne5 Rxd2 27.Rxd2 Kg7 28.Kh2 h6 29.Rd3 Qc2
30.Rf3 f6 31.Nxg6 Kxg6 32.Rg3+ Kf7 33.Qc7+ Ke8 34.Qb8+ Ke7 35.Qxa7+ Ke8 36.Qb8+ Ke7
37.Qc7+ Ke8 38.Ra3 Bd7 39.Qd6 Bc8 40.Ra8 Kf7 41.Ra7+ Kg6 42.Qxf8  1-0

[Event "World Rapid 2024"]
[Site "New York USA"]
[Date "2024.12.27"]
[Round "6.5"]
[White "Sindarov,Javokhir"]
[Black "Nakamura,Hi"]
[Result "1/2-1/2"]
[WhiteElo "2682"]
[BlackElo "2802"]

1.e4 c5 2.Nf3 e6 3.d4 cxd4 4.Nxd4 a6 5.Nc3 b5 6.Be3 Bb7 7.a3 Nf6 8.Bd3 Qc7
9.O-O Nc6 10.Nxc6 dxc6 11.f4 c5 12.e5 c4 13.exf6 cxd3 14.cxd3 gxf6 15.Rc1 Qd7
16.f5 Rg8 17.Ne4 Bxe4 18.dxe4 Qxd1 19.Rfxd1 Rg4 20.fxe6 Rxe4 21.exf7+  1/2-1/2

[Event "World Rapid 2024"]
[Site "New York USA"]
[Date "2024.12.27"]
[Round "7.7"]
[White "Nakamura,Hi"]
[Black "Sevian,Samuel"]
[Result "1/2-1/2"]
[WhiteElo "2802"]
[BlackElo "2696"]

1.e4 e6 2.d3 d5 3.Qe2 Nf6 4.Nf3 c5 5.g3 Nc6 6.Bg2 Be7 7.O-O b5 8.Re1 O-O
9.Nbd2 a5 10.e5 Nd7 11.Nf1 b4 12.h4 a4 13.a3 bxa3 14.bxa3 Ba6 15.Bg5 Rb8
16.Qd2 Re8 17.Bxe7 Qxe7 18.Qf4 c4 19.dxc4 Bxc4 20.Ne3 Na5 21.Nd4 Rb6 22.Red1 Rc8
23.Bh3 Re8 24.Re1 Qc5 25.h5 h6 26.Ng4 Qe7 27.Nf3 Nc6 28.Nd2 Na5 29.Nf3 Nc6
30.Nd2 Na5  1/2-1/2

[Event "World Rapid 2024"]
[Site "New York USA"]
[Date "2024.12.27"]
[Round "8.10"]
[White "Shankland,S"]
[Black "Nakamura,Hi"]
[Result "0-1"]
[WhiteElo "2672"]
[BlackElo "2802"]

1.Nf3 Nf6 2.g3 d5 3.Bg2 Nbd7 4.d4 Nb6 5.O-O Bf5 6.Ne5 c6 7.f3 h6 8.e4 Bh7
9.Be3 e6 10.c4 Nfd7 11.cxd5 cxd5 12.Nc3 Bb4 13.Rc1 O-O 14.Qb3 Bxc3 15.Rxc3 Nf6
16.Qc2 dxe4 17.fxe4 Nbd5 18.Qd3 Nxc3 19.bxc3 Rc8 20.Bd2 Nd7 21.Nc4 Nc5 22.Qe2 Nxe4
23.Bxe4 Bxe4 24.Ne5 f6 25.Ng4 Bf5 26.Ne3 Bg6 27.Qg4 Qe8 28.Re1 Kh7 29.c4 Qf7
30.a4 b6 31.a5 Bd3 32.axb6 axb6 33.d5 e5 34.Bb4 Rfd8 35.Qd1 Bg6 36.Qb3 f5
37.Ba3 Re8 38.Rf1 f4 39.d6 b5 40.Bc1 bxc4 41.Qb6 Qd7  0-1

[Event "World Rapid 2024"]
[Site "New York USA"]
[Date "2024.12.28"]
[Round "10.12"]
[White "Jacobson,Brandon"]
[Black "Nakamura,Hi"]
[Result "1-0"]
[WhiteElo "2583"]
[BlackElo "2802"]

1.a4 e5 2.e4 Nf6 3.Nc3 Bb4 4.Nd5 Nxd5 5.exd5 O-O 6.c3 Be7 7.Bc4 d6 8.Ne2 Nd7
9.d4 c5 10.O-O Qc7 11.dxc5 Nxc5 12.a5 Bg4 13.f3 Bd7 14.Be3 b5 15.Ba2 Rac8
16.Qd2 Rfe8 17.b4 Na6 18.Rfc1 Qb7 19.c4 bxc4 20.Bxc4 Nc7 21.a6 Qb8 22.Nc3 Na8
23.Ne4 Nb6 24.Bf1 Red8 25.b5 f5 26.Nc3 Bf6 27.Na4 Rxc1 28.Qxc1 Rc8 29.Qd2 Bd8
30.Qf2 Nxa4 31.Rxa4 Rc7 32.Rb4 f4 33.Bxa7 Rxa7 34.b6 Ra8 35.b7 Ra7 36.Qc2 g6
37.Bd3 Kf7 38.Kf1 Ba5 39.Rb1 Bd8 40.Qb3 Ba5 41.Rc1 Bd2 42.Rc6 Be3 43.Qb4 Bc5
44.Qa5 Ke7 45.Qc7 Ra8 46.Qxb8 Rxb8 47.Rxc5  1-0

[Event "World Rapid 2024"]
[Site "New York USA"]
[Date "2024.12.28"]
[Round "11.16"]
[White "Nakamura,Hi"]
[Black "Dardha,Daniel"]
[Result "1-0"]
[WhiteElo "2802"]
[BlackElo "2639"]

1.e4 c5 2.Nf3 Nc6 3.c3 Nf6 4.e5 Nd5 5.a3 d6 6.exd6 e6 7.d4 Bxd6 8.dxc5 Bxc5
9.Bd3 O-O 10.O-O Nf6 11.Qe2 Qc7 12.Nbd2 Be7 13.c4 e5 14.h3 a5 15.Ne4 Rd8
16.Re1 Nxe4 17.Bxe4 Be6 18.Bxc6 bxc6 19.Nxe5 Bf6 20.Bf4 Qb7 21.Rac1 h6 22.Qf3 Qxb2
23.Nxc6 Rdc8 24.Ne5 Ra7 25.c5 Qb3 26.Rc3 Qd5 27.Qg3 Kh8 28.c6 g5 29.Bc1 Rac7
30.Rce3 Bg7 31.h4 g4 32.Bb2 Kh7 33.h5 Qd2 34.Bc3 Qd6 35.Rd3 Bxe5 36.Bxe5  1-0

[Event "World Rapid 2024"]
[Site "New York USA"]
[Date "2024.12.28"]
[Round "12.11"]
[White "Deac,Bogdan-Daniel"]
[Black "Nakamura,Hi"]
[Result "1/2-1/2"]
[WhiteElo "2696"]
[BlackElo "2802"]

1.d4 d5 2.c4 c5 3.cxd5 Nf6 4.Nf3 cxd4 5.Nxd4 Nxd5 6.e4 Nf6 7.Bb5+ Bd7 8.Nc3 e5
9.Bxd7+ Qxd7 10.Nc2 Qxd1+ 11.Kxd1 Bc5 12.Ke2 Nc6 13.Rd1 Rc8 14.f3 Ke7 15.Be3 Bxe3
16.Nxe3 Nd4+ 17.Kf2 g6 18.Rd2 Rc5 19.Ne2 Ne6 20.Rad1 Rhc8 21.a4 Rd8 22.Rxd8 Nxd8
23.Nc1 Rc8 24.Nd3 Nd7 25.Nb4 f6 26.Nbd5+ Ke6 27.Kf1 b6 28.b4 Nb7 29.g4 a5
30.bxa5 bxa5 31.Rb1 Nd6 32.h4 Rc6 33.Kg2 Rc8 34.h5 gxh5 35.gxh5 Rc5 36.Rd1 Rc6
37.Kh3 Nc5 38.Rg1 Kf7 39.h6 Ne6 40.Rb1 Nf4+ 41.Nxf4 exf4 42.Nd5 Ke6 43.Nxf4+ Ke5
44.Nh5 f5 45.exf5 Kxf5 46.Rd1 Kg6 47.Rd5 Nc4 48.Ng3 Rf6 49.Rc5 Ne3 50.Rxa5 Rxf3
51.Kh2 Rf2+ 52.Kh3 Rf3 53.Kh2 Kxh6 54.Rb5 Kg6 55.a5 Nf1+  1/2-1/2

[Event "World Rapid 2024"]
[Site "New York USA"]
[Date "2024.12.28"]
[Round "13.12"]
[White "Nakamura,Hi"]
[Black "Niemann,Hans Moke"]
[Result "0-1"]
[WhiteElo "2802"]
[BlackElo "2734"]

1.e4 e5 2.Nf3 Nc6 3.Bc4 Bc5 4.d3 Nf6 5.Nc3 a6 6.Nd5 h6 7.Be3 d6 8.Bxc5 dxc5
9.Ne3 O-O 10.O-O Re8 11.a4 b6 12.h3 Rb8 13.c3 Qd6 14.Qe2 g6 15.Rad1 b5 16.axb5 axb5
17.Bxb5 Rxb5 18.d4 exd4 19.Qxb5 Rxe4 20.Nc4 Qd5 21.cxd4 cxd4 22.Qxd5 Nxd5
23.Ncd2 Re2 24.Rfe1 d3 25.Rxe2 dxe2 26.Rc1 Ncb4 27.Ne1 Ba6 28.Nb3 Kf8 29.Nc5 Bb5
30.f3 Ne3 31.b3 Nd1 32.Ra1 Ke7 33.Ra7 Kd6 34.Ne4+ Kc6 35.Nf2 f5 36.Ra8 Ne3
37.Ra1 Kd5 38.Rc1 c6 39.h4 Kd4 40.g3 Nec2 41.Rxc2 Nxc2 42.Nxc2+ Kc3 43.Ne1 Kd2
44.Ng2 e1=Q+ 45.Nxe1 Kxe1 46.Nh3 Kd2 47.Kf2 Kc3 48.Nf4 Kxb3 49.Nxg6 c5 50.g4 c4
51.gxf5 c3 52.f6 Bc4 53.Nf4 c2 54.Ne2 Bxe2 55.f7 c1=Q 56.f8=Q Bb5 57.Qb8 Qb2+
58.Kg3 Qg7+ 59.Kf4 Qf6+ 60.Kg3 Kc4 61.Qg8+ Kc5 62.Qg4 Bc6 63.h5 Qe5+ 64.Kg2 Qf6
65.Kg3 Kd6 66.Qb4+ Kd7 67.Qg4+ Ke7 68.Kf2 Be8 69.Qb4+ Kf7 70.Qe4 Kf8 71.Qb4+ Kg7
72.Qg4+ Kh8 73.Qc8 Qh4+ 74.Kg2 Qxh5 75.Qc3+ Kh7 76.Qc7+ Bf7 77.Qa7 Qg5+ 78.Kh2 Kg7
79.Qb7 Qe5+ 80.Kg2 h5 81.Qd7 Kg6 82.Qc8 Qg5+ 83.Kh1 h4 84.Qc2+ Kg7 85.Qb2+ Qf6
86.Qb7 Qe5 87.Kg2 Kg6 88.Kh1 Bd5 89.Qb1+ Qf5 90.Qb6+  0-1

[Event "World Blitz 2024"]
[Site "New York USA"]
[Date "2024.12.30"]
[Round "1.3"]
[White "Nesterov,Arseniy"]
[Black "Nakamura,Hi"]
[Result "0-1"]
[WhiteElo "2599"]
[BlackElo "2802"]

1.d4 d5 2.c4 e6 3.Nc3 a6 4.cxd5 exd5 5.Nf3 c6 6.Bf4 Bd6 7.Bxd6 Qxd6 8.Qc2 Ne7
9.e3 Bf5 10.Bd3 Bxd3 11.Qxd3 Nd7 12.O-O O-O 13.h3 Rfd8 14.Rac1 Nb6 15.Qc2 Nbc8
16.Ne5 Qe6 17.Na4 Nd6 18.Nc5 Qc8 19.Qb3 Ng6 20.Rfd1 Qc7 21.Ncd3 Qe7 22.Nf3 Re8
23.Qa3 Nf8 24.Nc5 Nd7 25.Nxd7 Qxd7 26.Ne5 Qe6 27.Nd3 Qf6 28.Qb3 Re7 29.Qc2 h5
30.Ne5 Qe6 31.Nf3 Ne4 32.Nd2 Nd6 33.Nf3 Rae8 34.Re1 Qf6 35.Ne5 g6 36.Nd3 Nf5
37.Qd2 Qg5 38.Nf4 Re4 39.Kh2 Qe7 40.Nd3 Qg5 41.Nf4 Nxd4 42.f3 Rxe3 43.Nxd5 cxd5  0-1

[Event "World Blitz 2024"]
[Site "New York USA"]
[Date "2024.12.30"]
[Round "2.3"]
[White "Nakamura,Hi"]
[Black "Lenderman,A"]
[Result "1-0"]
[WhiteElo "2802"]
[BlackElo "2480"]

1.e4 e6 2.d3 d5 3.Qe2 dxe4 4.dxe4 e5 5.Nf3 Nc6 6.Nc3 f6 7.Bd2 Be6 8.O-O-O Bd6
9.Be3 Nge7 10.Rg1 Ng6 11.g3 Qe7 12.Qb5 O-O-O 13.Qa4 Bc5 14.Bb5 Bxe3+ 15.fxe3 Qc5
16.Bxc6 bxc6 17.Rge1 Ne7 18.Nd2 Kb8 19.Nb3 Rxd1+ 20.Nxd1 Qb5 21.Qa3 Bxb3
22.Nc3 Qb6 23.Qxe7 Bc4 24.b3 Ba6 25.Kb2 Rg8 26.Na4 Qb5 27.Rd1 Qe2 28.Qb4+ Bb5
29.Re1 Qf2 30.Nc5 Rd8 31.a4 a5 32.Qxa5 Bd3 33.Qb4+ Bb5 34.axb5 Rd2 35.bxc6+ Kc8
36.Rc1 Qxe3 37.Qb7+ Kd8 38.Qb8+ Ke7 39.Qxc7+ Ke8 40.Qc8+ Kf7 41.Qe6+ Kg6
42.Qc4 Rd6 43.Nd3 Qb6 44.c7 Rc6 45.c8=Q  1-0

[Event "World Blitz 2024"]
[Site "New York USA"]
[Date "2024.12.30"]
[Round "3.3"]
[White "Aravindh,Chithambaram VR."]
[Black "Nakamura,Hi"]
[Result "1-0"]
[WhiteElo "2718"]
[BlackElo "2802"]

1.d4 d5 2.Nf3 Nf6 3.c4 c5 4.cxd5 cxd4 5.Nxd4 Nxd5 6.g3 e5 7.Nb3 Nc6 8.Bg2 Be6
9.O-O Qd7 10.Nc3 Nxc3 11.bxc3 Rc8 12.Be3 b6 13.c4 Qxd1 14.Rfxd1 Nb4 15.Rdc1 Bxc4
16.a3 Kd8 17.Nd2 Bxe2 18.Rxc8+ Kxc8 19.axb4 Kb8 20.Nb1 Bc4 21.Na3 Bd3 22.Bd5 Bxb4
23.Nc4 Bc5 24.Bxc5 bxc5 25.Nxe5 Bb5 26.Rb1 a6 27.Bxf7 Kc7 28.f4 Rd8 29.Rb2 Rd4
30.Kf2 Rd1 31.Rc2 Kb6 32.Nc4+ Kc6 33.Ne3 Rd8 34.Bc4 Rd4 35.Kf3 a5 36.Bf7 a4
37.Be8+ Kb6 38.Rb2 Rb4 39.Nd5+ Ka5 40.Nxb4 cxb4 41.Bf7 a3 42.Rd2 Ba4 43.Rd3 Bc2
44.Re3 Ka4 45.Be8+ Ka5 46.Re5+ Ka6 47.Bf7 b3 48.Bxb3 Bxb3 49.Re1 Kb5 50.Ke3 a2
51.Kd2 Kb4 52.f5 Bf7 53.Kc2 Kc4 54.Kb2 Kd4 55.Re7 Bd5 56.Rxg7 h5 57.f6  1-0

[Event "World Blitz 2024"]
[Site "New York USA"]
[Date "2024.12.30"]
[Round "4.14"]
[White "Nakamura,Hi"]
[Black "Ohanyan,Emin"]
[Result "1-0"]
[WhiteElo "2802"]
[BlackElo "2514"]

1.e4 c5 2.Nf3 e6 3.c3 d5 4.exd5 exd5 5.d4 Nc6 6.Be3 cxd4 7.Nxd4 Nf6 8.Be2 Be7
9.Nd2 O-O 10.O-O h6 11.Re1 Re8 12.Qc2 Bd7 13.Rad1 a6 14.N2f3 Qc7 15.h3 Rad8
16.Bf1 Bf8 17.Nxc6 Bxc6 18.Qb3 b5 19.Qc2 Ne4 20.Nd4 Bd7 21.Nf3 Bc8 22.a4 b4
23.c4 dxc4 24.Rxd8 Qxd8 25.Bxc4 Nd6 26.Bd3 a5 27.Rd1 Qf6 28.Bd4 Qf4 29.Qc1 Qxc1
30.Rxc1 Bd7 31.Ra1 Rc8 32.Bb6 b3 33.Ne5 Be8 34.Bxa5 Ra8 35.Bc3 Rxa4 36.Rd1 Ne4
37.Bxe4 Rxe4 38.Rd8 f6 39.f3 Re3 40.Rxe8 fxe5 41.Bb4  1-0

[Event "World Blitz 2024"]
[Site "New York USA"]
[Date "2024.12.30"]
[Round "5.7"]
[White "Lu Shanglei"]
[Black "Nakamura,Hi"]
[Result "1/2-1/2"]
[WhiteElo "2609"]
[BlackElo "2802"]

1.e4 c5 2.Nf3 e6 3.g3 d5 4.exd5 exd5 5.d4 Nf6 6.Bg2 Qe7+ 7.Be3 Ng4 8.O-O Nxe3
9.fxe3 Nc6 10.Nc3 Be6 11.e4 dxe4 12.Nxe4 O-O-O 13.Nxc5 Nxd4 14.Nxe6 Nxe6
15.Qe2 Qc5+ 16.Kh1 Bd6 17.Nd2 Qc7 18.Ne4 Be5 19.c3 h5 20.h4 Kb8 21.Qf3 Rhf8
22.b4 g5 23.Nc5 Nxc5 24.bxc5 g4 25.Qe4 f5 26.Rxf5 Rxf5 27.Qxf5 b6 28.Qe4 Kc8
29.Re1 Bxg3 30.Qa8+ Kd7 31.Rd1+ Ke7 32.Qe4+ Kf6 33.Rf1+ Kg7 34.cxb6 axb6
35.Qe6 Rf8 36.Rd1 Qf4 37.Be4 Qf6 38.Rd7+ Rf7 39.Qxf6+ Kxf6 40.Rxf7+ Kxf7
41.Kg2 Bxh4 42.a4 Bf6 43.c4 Bd4 44.Kg3 Bf6 45.Kf4 Bd8 46.Kf5 g3 47.Kf4 h4
48.Kg4 Ke6 49.Kh3 Kd6 50.Bd5 Kc5 51.Be6 Kb4 52.Bd7 Kxc4 53.Kg2  1/2-1/2

[Event "World Blitz 2024"]
[Site "New York USA"]
[Date "2024.12.30"]
[Round "6.12"]
[White "Nakamura,Hi"]
[Black "Gelfand,B"]
[Result "1/2-1/2"]
[WhiteElo "2802"]
[BlackElo "2657"]

1.e4 c5 2.Nf3 Nc6 3.Bb5 e6 4.O-O Nge7 5.Re1 Nd4 6.Bf1 Nec6 7.d3 Be7 8.Nfd2 Ne5
9.c3 Ndc6 10.f4 Ng6 11.g3 O-O 12.Qh5 f6 13.Bg2 b6 14.Nf3 d5 15.exd5 Qxd5
16.Qxd5 exd5 17.Nh4 Rd8 18.Nxg6 hxg6 19.c4 Kf8 20.Nc3 Nb4 21.Nxd5 Nxd5 22.Bxd5 Rb8
23.Kf2 Bb7 24.Bxb7 Rxb7 25.Rd1 Rbd7 26.Ke2 f5 27.Be3 Bf6 28.Kf3 Bxb2 29.Rab1 Bd4
30.Rb3 Bxe3 31.Kxe3 Re8+ 32.Kf2 Kf7 33.a4 Red8 34.Ra3 Rd4 35.Ke2 Re8+ 36.Kf3 Red8
37.Ke3 Re8+ 38.Kd2 Kf6 39.h4 Rd6 40.a5 Re4 41.axb6 axb6 42.Rc3 Re8 43.Rb1 Re4
44.Rcb3 Ree6 45.Ra3 Re4 46.Ra6 Ree6 47.Rb3 Kf7 48.Ra7+ Re7 49.Ra8 Re8 50.Ra6 Ree6
51.Rb1 Kf6 52.Ra7 Re7 53.Ra8 Re4 54.Rxb6 Rxb6 55.dxe4 fxe4 56.Ke3 Rb4 57.g4 Rxc4
58.Ra6+ Kf7 59.Rc6 Rc1 60.Kxe4 Rh1 61.h5 gxh5 62.g5 Rd1 63.f5 Re1+ 64.Kf4 Rf1+
65.Ke4 Re1+ 66.Kd5 Rd1+ 67.Kc4 Rc1+ 68.Kd3 Rd1+ 69.Ke3 Re1+ 70.Kf3 Rf1+ 71.Ke4 Re1+
72.Kd5 Rd1+ 73.Ke5 Re1+ 74.Kd6 Rd1+  1/2-1/2

[Event "World Blitz 2024"]
[Site "New York USA"]
[Date "2024.12.30"]
[Round "7.12"]
[White "Nakamura,Hi"]
[Black "Giri,A"]
[Result "1/2-1/2"]
[WhiteElo "2802"]
[BlackElo "2733"]

1.e4 e5 2.Nf3 Nc6 3.Bc4 Nf6 4.d3 Be7 5.O-O O-O 6.Re1 d6 7.a4 Be6 8.Nc3 Bxc4
9.dxc4 a5 10.Nd2 Nd4 11.Nd5 Ne6 12.Ne3 g6 13.f3 Nh5 14.Ndf1 Bg5 15.g3 b6
16.c3 Nhg7 17.b3 f5 18.exf5 gxf5 19.Ng2 Bxc1 20.Rxc1 f4 21.Nd2 Nf5 22.Ne4 Kh8
23.g4 Nh4 24.Rc2 Ng5 25.Nxh4 Nh3+ 26.Kg2 Qxh4 27.Rh1 Rg8 28.Nf2 Ng5 29.Rg1 Rae8
30.Kh1 Rg6 31.Rg2 Rh6 32.b4 Rhe6 33.c5 dxc5 34.bxc5 bxc5 35.Rd2 e4 36.fxe4 Nxe4
37.Nxe4 Rxe4 38.Rge2 Qxg4 39.Rxe4 Qxd1+ 40.Rxd1 Rxe4 41.Kg2 Rxa4 42.Rd7 Rc4
43.Rxc7 Rxc3 44.Ra7 c4 45.Rxa5 Rc1 46.Rf5 Kg7 47.Rxf4 Kg6 48.Kf2 Kg5 49.Rd4 Kf5
50.Rh4 c3 51.Ke2 Kg6 52.Kd3 h5 53.Rc4 Kg5 54.h4+ Kf5 55.Ke3 Rh1 56.Rc5+ Kg4
57.Rc4+ Kf5 58.Rxc3 Rh3+ 59.Kd2 Rxc3 60.Kxc3 Kg4 61.Kd2 Kxh4 62.Ke2 Kg3 63.Kf1  1/2-1/2

[Event "World Blitz 2024"]
[Site "New York USA"]
[Date "2024.12.30"]
[Round "8.13"]
[White "Kevlishvili,Robby"]
[Black "Nakamura,Hi"]
[Result "1/2-1/2"]
[WhiteElo "2556"]
[BlackElo "2802"]

1.e4 c5 2.Nf3 e6 3.d4 cxd4 4.Nxd4 a6 5.c4 Nf6 6.Nc3 Qc7 7.a3 b6 8.Be2 Bb7
9.f3 Nc6 10.Nxc6 Bxc6 11.Be3 Be7 12.Qd2 O-O 13.Rc1 Qb7 14.O-O b5 15.b4 bxc4
16.Bxc4 Rfc8 17.e5 Ne8 18.Bd3 d6 19.exd6 Nxd6 20.Bc5 Rd8 21.Qe2 Bf6 22.Kh1 Nb5
23.Ne4 Be5 24.a4 Nd4 25.Bxd4 Bxd4 26.b5 axb5 27.axb5 Bd5 28.Nc3 Bxc3 29.Rxc3 Ra2
30.Rc2 Ra3 31.Bc4 h5 32.h3 Rb8 33.Bxd5 Qxd5 34.Rb1 Rb6 35.Rc8+ Kh7 36.Qc2+ Qd3
37.Qxd3+ Rxd3 38.Rc5 Kg6 39.Kg1 Rd2 40.Rb4 f6 41.h4 e5 42.Kh2 Kf5 43.Rc7 Kg6
44.Rc5 Rd8 45.f4 Kf5 46.fxe5 fxe5 47.Rb2 Rd4 48.Kh3 Rd3+ 49.Kh2 Rd4 50.Kh3 g6
51.Rf2+ Rf4 52.Re2 Re6 53.Rb2 Rb6 54.Re2 Re4 55.Rf2+ Ke6 56.Rfc2 Rd4 57.Rc6+ Rd6
58.R6c5 Rb8 59.Rb2 Rb7 60.Rb3 Rb8 61.Rb2 Rd3+ 62.Kh2 Rd4 63.Kh3 Rb6 64.Rbc2 Rd3+
65.Kh2 Rd8 66.Rc6+ Rd6 67.R6c5 Rb7 68.Rb2 Rb8 69.Rb3 Rbb6 70.Rb2 Rd4 71.Kh3 Rd5
72.Rxd5  1/2-1/2